LEADER 02037nam a2200373 u 4500 001 000000026577 003 CaOOAMICUS 005 20070226111607.0 008 950829s1982 be u000 u fre u 020 $a2801701858 (v. 1) 020 $a2801701866 (v. 2) 035 $a10686795 040 $aBAV$bita$dIPA$dEFR 041 1 $afre$asyr 100 0 $aTheodorus Mopsuestenus,$dm. 428.$0(OLS)http://pul/name/5959 240 10$aExpositio in Psalmos$9(Theodorus Mopsuestenus, m. 428).$lSiriaco e francese.$0(OLS)http://pul/title/36455 245 10$aFragments syriaques du Commentaire des Psaumes :$b(Psaume 118 et Psaumes 138-148) /$cThéodore de Mopsueste ; édités [- traduits] par Lucas van Rompay. 260 $aLovanii :$bE. Peeters,$c1982. 300 $a2 v. ;$c25 cm 490 1 $aCorpus scriptorum Christianorum Orientalium ;$vv. 435-436.$aScriptores Syri ;$vt. 189-190 505 0 $at. 189. [Texte]. -- t. 190. [Traduction]. 630 04$aBiblia.$pV.T.$pPsalmi$xCommenti.$0(OLS)http://pul/subject/1498 700 1 $aRompay, Lucas van.$0(OLS)http://pul/name/15847 830 0$aCorpus scriptorum Christianorum Orientalium ;$vv. 435-436.$0(OLS)http://pul/title/40 830 0$aCorpus scriptorum Christianorum Orientalium.$pScriptores Syri ;$vt. 189-190.$0(OLS)http://pul/title/600 850 $aPUL 852 $aPUL$W1$xSL Religione 1$y3$m10(3) H 435-436$j37122$nBK-PRI$b $qStampati$B37122$CPULBib$Z2$F37122 $H89971-89972 $81 852 $aPUL$W1$xSL Religione 1$y3$m10(3) H 435-436$j37122$nBK-PRI$b $qStampati$B37123$CPULBib$Z2$F37123 $H89971-89972 $81 900 $aTeodoro,$cvesc. di Mopsuestia,$dm. 428$95959 941 1 $a8 996 $6020$a2801701858 (v. 1)$9(OLS)http://pul/number/33006 996 $6020$a2801701866 (v. 2)$9(OLS)http://pul/number/33007 996 $6245$aFragments syriaques du Commentaire des Psaumes :$b(Psaume 118 et Psaumes 138-148)$9(OLS)http://pul/title/36456 996 $6260$aLovanii :$bE. Peeters$9(OLS)http://pul/publisher/47987 LEADER 00928nam a2200265 a 4500 001 000000136306 003 CaOOAMICUS 005 20131118142946.0 008 131118s1962 it u000 u ita r 040 $aPUL$bita 041 1 $aita$hfre 100 1 $aIonesco, Eugène.$0(OLS)http://pul/name/85921 240 10$aRhinocèros.$lItaliano.$0(OLS)http://pul/title/172418 245 13$aIl rinoceronte /$cEugène Ionesco. 260 $aTorino :$bEinaudi,$c©1962. 300 $a148 p. ;$c20 cm 490 1 $aI Coralli ;$v147 830 0$aCoralli ;$v147.$0(OLS)http://pul/title/171196 850 $aPUL 852 $aPUL$W1$xDP1 Fondo E. Rossi$y115$m2 C 48$j115512$qFondi$B156494$CPULBib$Z2$F156494 $82 941 1 $a1 961 $aSul dorso collocazione ms. di E. Rossi: III 39 996 $6245$aIl rinoceronte$9(OLS)http://pul/title/172419 996 $6260$aTorino :$bEinaudi$9(OLS)http://pul/publisher/48130